00841nam a22002657a 4500001001000000003000900010005001700019007000300036008003400039040005400073041001000127072002000137100001400157110007500171245011200246260003400358300001100392500004600403650001800449650002100467650002400488650001600512650003000528650001700558BR7701916BR-BrBNA20230928085239.0ta230509b bl.||||| |||| 00| 0 por d aBR-BrBNAbporcBiblioteca Nacional de Agricultura a(Por) aE15; E50b/G5141 aCesar, J.1 aEscola Superior de Agricultura de Lavras, MG (Brasil)0Tese (Mestrado)1 aValorizacao da administracao e da cooperativa do subsistema rural: um estudo de caso [Minas Gerais; Brasil]3 aLavras, MG (Brasil): c1977.  a172 p. a9 illus.; 41 tables; Summaries (Eng, Por) aMicroeconomia aSociologia rural aAdministracao rural aCooperativa aCooperativa de produtores aMinas Gerais